000 00560nam a2200229Ia 4500
003 OSt
005 20221005113620.0
006 a|||||r|||| 00| 0
007 ta
008 221004b |||||||| |||| 00| 0 tam d
024 _a52098
037 _cTextual
040 _aCRL
_cCRL
_btam
041 _2tam
_atam
082 _aQ23, 31J2
100 _aKaliyanasundharanar
_9624634
245 0 _aAalamum amuthamum
260 _c1951
650 _aRELIGION
942 _hQ23, 31J2
_cTEXL
_2cc
999 _c1028753
_d1028753